Les acteurs de Star Wars - Statistiques

Statistiques générales
  • Ce quiz a été pris 329 fois
  • Le résultat moyen est 16 sur 33
Statistiques - réponses
Role Acteur % Correct
Luke Mark Hamill
93%
Han Solo Harrison Ford
91%
Leia Carrie Fisher
90%
Padme Natalie Portman
86%
Obiwan Kenobi Ewan Mcgregor
84%
Anakin Hayden Christensen
84%
Mace Windu Samuel L.Jackson
81%
Rey Daisy Ridley
76%
Qui Gon Jinn Liam Neeson
71%
Kylo Ren Adam Driver
69%
Comte Dooku Christopher Lee
63%
Finn John Boyega
52%
Poe Dameron Oscar Isaac
51%
Ben Kenobi Alec Guinness
48%
Palpatine Ian McDiarmid
47%
C3PO Anthony Daniels
46%
Sabé Keira Knightley
37%
Yoda Frank Oz
36%
Tarkin Peter Cushing
36%
Chewbacca Peter Mayhew
36%
Anakin Jake Lloyd
33%
Lando Billy Dee Williams
32%
Dark Vador David Prowse
32%
Snoke Andy Serkis
31%
Dark Vador James Earl Jones
31%
R2D2 Kenny Baker
28%
Dark Maul Ray Park
27%
Capitaine Phasma Gwendoline Christie
26%
Maz Kanata Lupita Nyong'o
25%
Connix Billie Lourd
17%
Huxx Domhnall Gleeson
16%
Bail Organa Jimmy Smits
13%
Owen Lars Joel Edgerton
9%
Aucun quiz correspondant
Distribution des résultats
% des personnes avec chaque résultat
Percentile par nombre de réponses
Votre historique - résultats
Vous n’avez pas pris ce quiz